00725nam a22002417a 4500003000500000005001700005008004100022010001000063011001000073035001000083040000900093082001600102100001700118245003800135260003400173300002300207490004900230650004100279650002400320700001800344711007200362830004900434CHAP20220817042857.0971013s1976 r 00010 d a58595 a59567 a63726 cCHAP a636.085bS800aSwan, Henry. aFeed energy sources for livestock aLondon :bButterworths,c1976 a158 p.b: gráfs. aStudies in the agricultural and food science14aAlimentos y alimentacion del ganado.14aNutrición animal.0 aLewis, Dyfed.0 aNutrition Conference for Feed Manufacturets (9 : 1975 : Nottingham)0 aStudies in the agricultural and food science